000 00343pam a2200157a 44500
008 230515b2014 xxu||||| |||| 00| 0 eng d
020 _aNULL
041 _aENGLISH
082 _aBHA
100 _aBHARDWAJ R. C.
245 _aHYDRAULIC ENGG. REPORT
250 _aNULL
260 _aPUNE
_bN/A
_c2014
300 _a15 -PB
650 _aNULL
999 _c661954
_d661954